[Event "CMB Breizh Masters Feminins 2010"]
[Site "Guingamp-Pabu (FRANCE)"]
[Date "2010.02.19"]
[Round "1.1"]
[White "Lefevre, Margaux"]
[Black "Fruteau, Sabine"]
[Result "0-1"]
[WhiteElo "2036"]
[BlackElo "2131"]
[PlyCount "84"]
[EventDate "2010.??.??"]

1. e4 e5 2. Nf3 Nc6 3. d4 exd4 4. Nxd4 Nf6 5. Nxc6 bxc6 6. e5 Qe7 7. Qe2 Nd5 8.
c4 Ba6 9. b3 g6 10. f4 Bg7 11. Qd2 Nxf4 12. Qxf4 Qxe5+ 13. Qxe5+ Bxe5 14. Bd3
Bxa1 15. Be3 O-O 16. O-O Rfe8 17. Bf2 d5 18. Na3 Bg7 19. Rd1 Rad8 20. Rb1 dxc4
21. Bxc4 Bxc4 22. Nxc4 Bd4 23. Bxd4 Rxd4 24. Rb2 Re1+ 25. Kf2 Rc1 26. Nd2 c5
27. Ke2 f5 28. Nf3 Rd5 29. Nd2 Kg7 30. Nc4 Rc3 31. Nd2 g5 32. Ne4 f4 33. Nd2 g4
34. Kf2 Re5 35. g3 f3 36. Nc4 Re4 37. Rd2 Re2+ 38. Rxe2 fxe2 39. Na3 Re3 40.
Nc2 Re4 41. Ke1 a5 42. Kd2 c4 0-1

[Event "CMB Breizh Masters Feminins 2010"]
[Site "Guingamp-Pabu (FRANCE)"]
[Date "2010.02.19"]
[Round "1.1"]
[White "Brunello, Roberta"]
[Black "De Rosa, Mariagrazia"]
[Result "1-0"]
[WhiteElo "2043"]
[BlackElo "2089"]
[PlyCount "143"]
[EventDate "2010.??.??"]

1. e4 c5 2. c3 d5 3. exd5 Qxd5 4. d4 Nf6 5. Nf3 Bg4 6. Be2 e6 7. O-O Nc6 8. Be3
cxd4 9. cxd4 Be7 10. Nc3 Qd6 11. a3 O-O 12. Qb3 Rfd8 13. Rfd1 Rac8 14. Rd2 Nd5
15. Nxd5 Qxd5 16. Qxb7 Rb8 17. Qa6 Rb6 18. Qa4 Na5 19. Rc1 Nb3 20. Bc4 Qc6 21.
Qxc6 Rxc6 22. Ne5 Rc7 23. Rdc2 Nxc1 24. Rxc1 Bh5 25. b3 Bf6 26. Kf1 Kf8 27. Ke1
Bg6 28. f3 Be7 29. Ra1 Bf6 30. Ke2 Bxe5 31. dxe5 Ke7 32. Bd2 f6 33. exf6+ gxf6
34. Ba5 Rcd7 35. Bxd8+ Rxd8 36. Ke3 Bc2 37. Rc1 Bf5 38. Be2 Rd7 39. Rc5 e5 40.
Bb5 Rb7 41. b4 Rb6 42. f4 a6 43. Be2 Kd6 44. fxe5+ fxe5 45. Ra5 Bc8 46. Bf3 Bd7
47. Rc5 Rb8 48. Be4 h6 49. Bd3 Rb6 50. g3 Bc6 51. Be4 Bd7 52. Bd5 Bf5 53. Bc4
Bh3 54. Rd5+ Kc7 55. Rxe5 Rf6 56. Rc5+ Kb6 57. Re5 Kc7 58. Ra5 Kb7 59. Re5 Kb6
60. Be2 Kb7 61. a4 Kb6 62. a5+ Kc7 63. b5 axb5 64. Bxb5 Kd6 65. Kd4 Bg4 66. a6
Bf3 67. Re8 Kc7 68. a7 Kb6 69. Ke5 Rg6 70. Bd3 Rg5+ 71. Kf4 Bc6 72. a8=Q 1-0

[Event "CMB Breizh Masters Feminins 2010"]
[Site "Guingamp-Pabu (FRANCE)"]
[Date "2010.02.19"]
[Round "1.1"]
[White "Esposito, Marie-Christine"]
[Black "Genova, Lyubka"]
[Result "0-1"]
[WhiteElo "2113"]
[BlackElo "2260"]
[PlyCount "80"]
[EventDate "2010.??.??"]

1. d4 Nf6 2. Nf3 b6 3. Bf4 Ba6 4. Nbd2 d5 5. c3 e6 6. Ne5 c6 7. Ndf3 Be7 8. h3
Ne4 9. Qa4 Bb5 10. Qb3 f6 11. Nd3 a5 12. a4 Ba6 13. Qc2 c5 14. e3 Nc6 15. Nd2
O-O 16. Be2 Qc8 17. f3 Nxd2 18. Qxd2 Bxd3 19. Bxd3 cxd4 20. exd4 e5 21. dxe5
fxe5 22. Bg3 Bc5 23. O-O-O d4 24. Bc4+ Kh8 25. Rhe1 Qf5 26. Re4 dxc3 27. bxc3
Rad8 28. Qe1 Rxd1+ 29. Kxd1 Rd8+ 30. Kc2 h6 31. Kb2 Qg5 32. f4 exf4 33. Re8+
Bf8 34. Qe6 Kh7 35. Qg8+ Kg6 36. Qf7+ Kh7 37. Qg8+ Kg6 38. Qxf8 Rd2+ 39. Kb3
Nd4+ 40. cxd4 Qxg3+ 0-1

[Event "CMB Breizh Masters Feminins 2010"]
[Site "Guingamp-Pabu (FRANCE)"]
[Date "2010.02.19"]
[Round "1.1"]
[White "Piankov, Evgenij"]
[Black "Berthelot, Yannick"]
[Result "1-0"]
[WhiteElo "2343"]
[BlackElo "2296"]
[PlyCount "55"]
[EventDate "2010.??.??"]

1. d4 Nf6 2. Nf3 g6 3. Bg5 Bg7 4. Nbd2 d5 5. e3 O-O 6. Bd3 c5 7. c3 Nbd7 8. O-O
b6 9. Qe2 Bb7 10. Rfd1 Ne4 11. Bh4 Nxd2 12. Rxd2 Re8 13. e4 cxd4 14. Nxd4 dxe4
15. Bb5 Qc7 16. Ne6 fxe6 17. Bxd7 Red8 18. Bxe6+ Kh8 19. Rad1 Rxd2 20. Qxd2 Bc6
21. Bg3 Be5 22. Qd4 Bxd4 23. Bxc7 Bf6 24. Kf1 Kg7 25. Ke2 Bg5 26. Be5+ Bf6 27.
Bf4 a5 28. Bd5 1-0

[Event "CMB Breizh Masters Feminins 2010"]
[Site "Guingamp-Pabu (FRANCE)"]
[Date "2010.02.19"]
[Round "1.1"]
[White "Le Diouron, Aurelie"]
[Black "Aflalo, Sophie"]
[Result "1-0"]
[WhiteElo "1980"]
[BlackElo "2033"]
[PlyCount "70"]
[EventDate "2010.??.??"]

1. e4 c5 2. Nf3 Nc6 3. d4 cxd4 4. Nxd4 Nf6 5. Nc3 e5 6. Ndb5 d6 7. Bg5 a6 8.
Na3 b5 9. Nd5 Be7 10. Bxf6 Bxf6 11. c4 b4 12. Nc2 a5 13. Be2 O-O 14. O-O Bg5
15. Qd3 f5 16. Bf3 Kh8 17. Rad1 f4 18. Ra1 Rb8 19. b3 Bh6 20. Rfd1 a4 21. bxa4
Qa5 22. Ndxb4 Nxb4 23. Qxd6 Rg8 24. Qxb8 Nxc2 25. Rac1 Nd4 26. c5 g5 27. Qxe5+
Bg7 28. Qd6 Rd8 29. Qb6 Qxb6 30. cxb6 g4 31. Rxc8 Nxf3+ 32. gxf3 Rxc8 33. fxg4
f3 34. a5 Bd4 35. b7 Rd8 1-0

[Event "CMB Breizh Masters Feminins 2010"]
[Site "Guingamp-Pabu (FRANCE)"]
[Date "2010.02.20"]
[Round "2"]
[White "Genova, Lyubka"]
[Black "Fruteau, Sabine"]
[Result "1-0"]
[WhiteElo "2260"]
[BlackElo "2131"]
[PlyCount "95"]

1. e4 e5 2. Nf3 Nc6 3. Nc3 Nf6 4. Bb5 d6 5. d4 Bd7 6. Bxc6 Bxc6 7. Qd3 Qe7 8.
O-O h6 9. b3 O-O-O 10. Re1 g5 11. Be3 Kb8 12. a4 Ng4 13. d5 Be8 14. Nb5 Nxe3
15. Qxe3 c5 16. dxc6 bxc6 17. Nc3 f6 18. b4 d5 19. Qe2 d4 20. Na2 Bf7 21. c3 d3
22. Qe3 h5 23. Red1 g4 24. Nh4 Qd7 25. Nf5 Be6 26. b5 c5 27. Nh4 Bb3 28. Ng6
Bxd1 29. Rxd1 Bh6 30. Qxc5 Rhg8 31. Ne7 Bf8 32. Nc6+ Ka8 33. Qc4 Be7 34. Nxd8
Rxd8 35. Nc1 d2 36. Ne2 Qd3 37. Qxd3 Rxd3 38. Kf1 Ba3 39. Ng3 Bc1 40. Nxh5 Rd6
41. Ke2 Kb7 42. Ng3 Kb6 43. Nf1 Ka5 44. Nxd2 Bxd2 45. Rxd2 Re6 46. Kd3 Re7 47.
Kc4 a6 48. Rd6 1-0

[Event "CMB Breizh Masters Feminins 2010"]
[Site "Guingamp-Pabu (FRANCE)"]
[Date "2010.02.20"]
[Round "2"]
[White "Aflalo, Sophie"]
[Black "Lefevre, Margaux"]
[Result "1-0"]
[WhiteElo "2033"]
[BlackElo "2036"]
[PlyCount "77"]

1. e4 c5 2. Nf3 Nc6 3. d4 cxd4 4. Nxd4 Nf6 5. Nc3 d6 6. h3 e5 7. Nde2 d5 8.
exd5 Nb4 9. Bg5 Bf5 10. Rc1 Bc5 11. Ng3 Bg6 12. Bb5+ Kf8 13. Bc4 Bd4 14. Bxf6
gxf6 15. O-O Rc8 16. Bb3 Rg8 17. h4 f5 18. Qd2 Qxh4 19. Nce2 Bc5 20. d6 f4 21.
d7 Rd8 22. Qc3 Qe7 23. Nxf4 exf4 24. Rce1 Qd6 25. Rd1 Bxf2+ 26. Kxf2 fxg3+ 27.
Kg1 Qb6+ 28. Kh1 Qb5 29. Be6 Qh5+ 30. Bh3 Nc6 31. Qf6 Qe5 32. Qh4 Kg7 33. Rde1
Qd4 34. Rf4 Qxb2 35. Bf5 Qc3 36. Ref1 Ne5 37. Bxg6 Rxd7 38. Qxh7+ Kf8 39. Rxf7+
1-0

[Event "CMB Breizh Masters Feminins 2010"]
[Site "Guingamp-Pabu (FRANCE)"]
[Date "2010.02.20"]
[Round "2.3"]
[White "De Rosa, Mariagrazia"]
[Black "Le Diouron, Aurelie"]
[Result "1-0"]
[WhiteElo "2089"]
[BlackElo "1980"]
[PlyCount "161"]

1. e4 c5 2. Nf3 Nc6 3. d4 cxd4 4. Nxd4 Nf6 5. Nc3 e5 6. Ndb5 d6 7. Bg5 a6 8.
Na3 b5 9. Nd5 Be7 10. Bxf6 Bxf6 11. c3 Ne7 12. Nc2 Nxd5 13. Qxd5 Ra7 14. a4 Bb7
15. Qd3 Qa8 16. f3 O-O 17. Be2 Rd8 18. axb5 axb5 19. O-O d5 20. exd5 Rxd5 21.
Qe3 Rxa1 22. Rxa1 Qd8 23. Qa7 Rd7 24. Bxb5 Rd1+ 25. Rxd1 Qxd1+ 26. Bf1 Qd7 27.
Qb8+ Bd8 28. Qxe5 Bb6+ 29. Nd4 Bc7 30. Bb5 Bxe5 31. Bxd7 Kf8 32. h3 Ke7 33. Ba4
Bf4 34. Kf1 Bc1 35. b3 Bd2 36. c4 Bc3 37. Ne2 Ba5 38. Nf4 Kd6 39. Nd3 Bc3 40.
Ke2 f5 41. Be8 g5 42. Bf7 g4 43. Bg8 gxh3 44. gxh3 h5 45. Ke3 h4 46. Bh7 Bc8
47. Nf4 Bb2 48. Nd3 Bc3 49. Bg8 Bb7 50. b4 Bc8 51. c5+ Kc6 52. Bc4 f4+ 53. Nxf4
Bxb4 54. Be6 Bxc5+ 55. Ke4 Ba6 56. Kf5 Bf2 57. Kg4 Kd6 58. Bf5 Bb7 59. Ng6 Bd5
60. f4 Bg2 61. Nxh4 Bxh3+ 62. Kxh3 Be3 63. Kg4 Bxf4 64. Kxf4 Kd5 65. Nf3 Kc4
66. Ke5 Kc5 67. Be6 Kb4 68. Kd4 Kb5 69. Ne5 Kb6 70. Kc4 Kc7 71. Kc5 Kd8 72. Kd6
Ke8 73. Nd7 Kd8 74. Bf7 Kc8 75. Nc5 Kd8 76. Nb7+ Kc8 77. Kc6 Kb8 78. Kb6 Kc8
79. Be6+ Kb8 80. Na5 Ka8 81. Bc8 1-0

[Event "CMB Breizh Masters Feminins 2010"]
[Site "Guingamp-Pabu (FRANCE)"]
[Date "2010.02.20"]
[Round "2"]
[White "Berthelot, Yannick"]
[Black "Brunello, Roberta"]
[Result "1/2-1/2"]
[WhiteElo "2296"]
[BlackElo "2043"]
[PlyCount "105"]

1. e4 e5 2. Nf3 Nc6 3. d4 exd4 4. Nxd4 Bc5 5. Be3 Qf6 6. c3 Nge7 7. Qd2 a6 8.
Nc2 b6 9. Bd3 Ne5 10. O-O Bb7 11. Bxc5 bxc5 12. Ne3 Qg6 13. f3 d5 14. Nf5 Nxd3
15. Qxd3 dxe4 16. fxe4 Nxf5 17. Rxf5 O-O 18. Nd2 Rad8 19. Qe3 Rfe8 20. Raf1 f6
21. R1f2 Qg4 22. h3 Qd1+ 23. Kh2 c4 24. Rc5 Bxe4 25. Nxe4 Rxe4 26. Qxe4 Qd6+
27. Rf4 Qxc5 28. Qxc4+ Qxc4 29. Rxc4 Rd2 30. b4 Rxa2 31. Rxc7 Rb2 32. h4 h5 33.
Kg3 Kh7 34. Kf3 Kg6 35. g3 Rb1 36. Rc5 Ra1 37. Ke3 Rg1 38. Kf2 Ra1 39. Rd5 Ra3
40. Rd3 a5 41. Ke3 Kf5 42. bxa5 Rxa5 43. Rd4 g5 44. hxg5 fxg5 45. Kf3 Ke5 46.
Rc4 Rd5 47. Rc8 Rd3+ 48. Kg2 Rd2+ 49. Kf3 g4+ 50. Ke3 Rg2 51. Rc5+ Kf6 52. Rxh5
Rxg3+ 53. Kf4 1/2-1/2

[Event "CMB Breizh Masters Feminins 2010"]
[Site "Guingamp-Pabu (FRANCE)"]
[Date "2010.02.20"]
[Round "2"]
[White "Esposito, Marie-Christine"]
[Black "Piankov, Evgenij"]
[Result "1-0"]
[WhiteElo "2113"]
[BlackElo "2343"]
[PlyCount "85"]

1. d4 Nf6 2. Nf3 g6 3. Bf4 Bg7 4. e3 O-O 5. c4 c5 6. Nc3 cxd4 7. exd4 d5 8. c5
Nc6 9. Be2 Ne4 10. O-O Bg4 11. Be3 e6 12. h3 Bxf3 13. Bxf3 f5 14. Ne2 Qf6 15.
b4 g5 16. b5 Ne7 17. Qc2 Rac8 18. Rab1 b6 19. c6 Rc7 20. Bc1 Nd6 21. Rd1 f4 22.
Ba3 Nef5 23. Qb3 Ra8 24. Bb2 Nc4 25. Bc3 Qg6 26. Kh1 h5 27. Ba1 Bh6 28. Nc3
Ncd6 29. Nxd5 exd5 30. Bxd5+ Kh8 31. Be6 Re7 32. d5+ Bg7 33. Bxg7+ Rxg7 34.
Rbc1 Ne7 35. c7 Rf8 36. Qa3 Nec8 37. Rc6 Re8 38. Bxc8 Rxc8 39. Rxd6 Qe8 40.
Rh6+ Kg8 41. d6 Qd7 42. Qb3+ Rf7 43. Rf6 1-0

[Event "CMB Breizh Masters Féminins 2010"]
[Site "Guingamp-Pabu (FRANCE)"]
[Date "2010.02.21"]
[Round "3.1"]
[White "Piankov, Evgenij"]
[Black "Genova, Lyubka"]
[Result "1-0"]
[WhiteElo "2343"]
[BlackElo "2260"]
[PlyCount "121"]

1. d4 Nf6 2. Nf3 e6 3. e3 c5 4. Bd3 b6 5. O-O Bb7 6. c4 Be7 7. Nc3 cxd4 8. exd4
d6 9. d5 e5 10. Be3 O-O 11. Nd2 Nbd7 12. f4 exf4 13. Bxf4 Ne5 14. Bc2 Bc8 15.
h3 Bd7 16. b3 g6 17. Nf3 Qc7 18. Bh6 Rfd8 19. Nxe5 dxe5 20. Qf3 Be8 21. Rae1
Rac8 22. Qg3 Nh5 23. Qf3 Bh4 24. Re4 Qe7 25. Rg4 Kh8 26. g3 Bxg3 27. Rxg3 Nxg3
28. Qxg3 f5 29. Bg5 Qc5+ 30. Qf2 Qb4 31. Bxd8 Qxc3 32. Bf6+ Kg8 33. Re1 Qxh3
34. Bxe5 b5 35. Re3 Qh5 36. Bd3 bxc4 37. Bxc4 Bf7 38. Qf3 Qg5+ 39. Qg3 Qh5 40.
Bb2 f4 41. Qxf4 Bxd5 42. Bxd5+ Qxd5 43. Re2 Qd1+ 44. Qf1 Qd5 45. Rf2 a5 46. Qe2
Qg5+ 47. Rg2 Qd5 48. Qd2 Qe4 49. Qd4 Rc1+ 50. Kh2 Qxd4 51. Bxd4 a4 52. Bb2 Rc6
53. b4 Kf7 54. Re2 g5 55. a3 Kg6 56. Bd4 Rc4 57. Rd2 Kf5 58. b5 Ke4 59. b6 Rc8
60. Bf2 Kf3 61. Bg3 1-0

[Event "CMB Breizh Masters Féminins 2010"]
[Site "Guingamp-Pabu (FRANCE)"]
[Date "2010.02.21"]
[Round "3.3"]
[White "Le Diouron, Aurelie"]
[Black "Berthelot, Yannick"]
[Result "1/2-1/2"]
[WhiteElo "1980"]
[BlackElo "2296"]
[PlyCount "123"]

1. d4 Nf6 2. c4 g6 3. Nc3 d5 4. cxd5 Nxd5 5. Bd2 Bg7 6. e4 Nb6 7. Be3 O-O 8.
Be2 Nc6 9. Nf3 Bg4 10. e5 Nb4 11. O-O N4d5 12. h3 Bxf3 13. Bxf3 c6 14. Qb3 Nxe3
15. fxe3 e6 16. a4 Qe7 17. Ne4 Rad8 18. Nc5 Rb8 19. Rac1 Bh6 20. Rce1 Rfd8 21.
Ne4 Nd5 22. Nd6 Rf8 23. e4 Nb6 24. Bg4 Kg7 25. Rf6 Nc8 26. Rxf7+ Rxf7 27. Nxf7
Qxf7 28. Rf1 Bf4 29. g3 Nb6 30. Rxf4 Qd7 31. Qxe6 Qxe6 32. Bxe6 Rd8 33. Rf7+
Kh8 34. Bg4 Rxd4 35. e6 Kg8 36. Rxb7 Rxe4 37. Rxa7 h5 38. Bf3 Rxe6 39. Ra6 Re3
40. Rxb6 Rxf3 41. Kg2 Rd3 42. Rxc6 Rd2+ 43. Kf3 Rxb2 44. Rxg6+ Kh7 45. Ra6 Rb4
46. a5 Ra4 47. Ra8 Kg7 48. a6 Kh7 49. a7 Kg7 50. g4 hxg4+ 51. hxg4 Kh7 52. Kg3
Kg7 53. Kh4 Ra5 54. Rb8 Rxa7 55. Rb6 Rc7 56. Kh5 Ra7 57. g5 Rc7 58. Kg4 Rc4+
59. Kh5 Rc7 60. Rg6+ Kh7 61. Rf6 Kg7 62. Ra6 1/2-1/2

[Event "CMB Breizh Masters Féminins 2010"]
[Site "Guingamp-Pabu (FRANCE)"]
[Date "2010.02.21"]
[Round "3"]
[White "Lefevre, Margaux"]
[Black "De Rosa, Mariagrazia"]
[Result "0-1"]
[WhiteElo "2036"]
[BlackElo "2089"]
[PlyCount "88"]
[EventDate "2010.??.??"]

1. e4 c5 2. Nf3 d6 3. d4 cxd4 4. Nxd4 Nf6 5. Nc3 a6 6. Be3 e6 7. g4 h6 8. Bg2
Nc6 9. h3 Bd7 10. Qe2 Rc8 11. f4 Be7 12. O-O Qc7 13. Rae1 Nxd4 14. Bxd4 e5 15.
Be3 Be6 16. Qd1 b5 17. Rf2 exf4 18. Bxf4 Nd7 19. Nd5 Bxd5 20. exd5 Ne5 21. Bg3
O-O 22. Kh2 Qd8 23. Bxe5 dxe5 24. Rd2 Bg5 25. Rd3 Bf4+ 26. Kh1 Qd6 27. Be4 Rc4
28. Qe2 Rfc8 29. Rdd1 g6 30. Qf3 Kg7 31. Qg2 Kh8 32. Re2 Rf8 33. Rg1 b4 34. Bd3
Rd4 35. Be4 a5 36. Bf3 a4 37. Be4 Rc8 38. Rf1 a3 39. b3 Rc3 40. Bf3 Kg7 41.
Rfe1 Qf6 42. Qf1 Bg3 43. Bg2 Rf4 44. Qg1 Bf2 0-1

[Event "CMB Breizh Masters Féminins 2010"]
[Site "Guingamp-Pabu (FRANCE)"]
[Date "2010.02.21"]
[Round "3.5"]
[White "Fruteau, Sabine"]
[Black "Aflalo, Sophie"]
[Result "1-0"]
[WhiteElo "2131"]
[BlackElo "2033"]
[PlyCount "110"]

1. e4 c5 2. Nf3 Nc6 3. Bb5 e6 4. O-O Nge7 5. c3 a6 6. Bxc6 Nxc6 7. d4 Qc7 8.
Qe2 Be7 9. d5 Nb8 10. c4 e5 11. Ne1 d6 12. f4 exf4 13. Bxf4 Nd7 14. Nc3 Bf6 15.
Nf3 O-O 16. Qd2 Re8 17. Rae1 Ne5 18. Nxe5 Bxe5 19. Bxe5 Rxe5 20. Qf4 Qe7 21.
Re3 Bd7 22. Rg3 Rf8 23. Qf6 g6 24. Qxe7 Rxe7 25. Rf6 b5 26. Rxd6 b4 27. Nd1
Rxe4 28. Rxd7 Re1+ 29. Kf2 Rxd1 30. Re3 Ra1 31. Re2 Rxa2 32. d6 Kg7 33. Rc7 Ra1
34. Rd2 Rd8 35. Rxc5 a5 36. Rb5 Kf6 37. c5 Ke6 38. Rb7 Rc1 39. Re7+ Kf6 40. Rc7
Ke6 41. d7 f6 42. c6 Rc5 43. Rc8 Ke7 44. Re2+ Re5 45. Rxe5+ fxe5 46. Ke3 a4 47.
c7 Rxd7 48. Re8+ Kxe8 49. c8=Q+ Ke7 50. Qc5+ Ke6 51. Qc6+ Rd6 52. Qxa4 Rd4 53.
Qe8+ Kd5 54. Qf7+ Kc5 55. Qxh7 Kc4 1-0

[Event "CMB Breizh Masters Féminins 2010"]
[Site "Guingamp-Pabu (FRANCE)"]
[Date "2010.02.22"]
[Round "4"]
[White "Genova, Lyubka"]
[Black "Aflalo, Sophie"]
[Result "1-0"]
[WhiteElo "2260"]
[BlackElo "2033"]
[PlyCount "71"]
[EventDate "2010.??.??"]

1. e4 c5 2. b3 Nc6 3. Bb2 e5 4. Bb5 d6 5. Bxc6+ bxc6 6. Ne2 Qh4 7. d3 Nh6 8.
Nd2 Bg4 9. O-O f6 10. f3 Bh5 11. Nc4 Be7 12. Bc3 f5 13. exf5 O-O 14. Be1 Qg5
15. Bd2 Qh4 16. Ng3 Bf7 17. Qe1 Bxc4 18. dxc4 Qf6 19. Bxh6 Qxh6 20. Qe4 Bg5 21.
Rfe1 Rad8 22. Rad1 g6 23. fxg6 hxg6 24. Nf1 Bf4 25. Qxc6 g5 26. g3 g4 27. gxf4
gxf3 28. Qxf3 Rxf4 29. Qg2+ Kh8 30. Ng3 Rdf8 31. Rf1 Rg8 32. Kh1 Rfg4 33. Nf5
Qh5 34. Qd2 R8g6 35. Ne3 Rg3 36. Qf2 1-0

[Event "CMB Breizh Masters Féminins 2010"]
[Site "Guingamp-Pabu (FRANCE)"]
[Date "2010.02.22"]
[Round "4"]
[White "Berthelot, Yannick"]
[Black "Lefevre, Margaux"]
[Result "1/2-1/2"]
[WhiteElo "2296"]
[BlackElo "2036"]
[PlyCount "50"]

1. d4 d5 2. Nf3 Nf6 3. c4 e6 4. Nc3 Be7 5. cxd5 exd5 6. Bg5 h6 7. Bh4 O-O 8. e3
b6 9. Bd3 Bb7 10. O-O Nbd7 11. Rc1 c5 12. Bf5 Re8 13. b3 Ne4 14. Bxe7 Rxe7 15.
dxc5 Ndxc5 16. b4 Ne6 17. Bxe6 Rxe6 18. Nd4 Re8 19. Nxe4 Rxe4 20. Qf3 Ba6 21.
b5 Bb7 22. h3 Rc8 23. Rxc8 Qxc8 24. Qe2 Re8 25. Qb2 Qd7 1/2-1/2

[Event "CMB Breizh Masters Féminins 2010"]
[Site "Guingamp-Pabu (FRANCE)"]
[Date "2010.02.22"]
[Round "4"]
[White "Esposito, Marie-Christine"]
[Black "Le Diouron, Aurelie"]
[Result "0-1"]
[WhiteElo "2113"]
[BlackElo "1980"]
[PlyCount "104"]

1. d4 Nf6 2. Nf3 e6 3. Bg5 b6 4. e3 Bb7 5. Bd3 h6 6. Bxf6 gxf6 7. Nbd2 c5 8. c3
Rg8 9. g3 d5 10. e4 dxe4 11. Bxe4 Qc7 12. Qe2 Nd7 13. d5 O-O-O 14. dxe6 fxe6
15. Bxb7+ Qxb7 16. Qxe6 Bg7 17. O-O-O Rge8 18. Qf7 Ne5 19. Qxb7+ Kxb7 20. Rhe1
Nd3+ 21. Kc2 $11 Nxe1+ 22. Nxe1 h5 23. f4 Bf8 24. Nef3 b5 25. Re1 Rxe1 26. Nxe1
Kb6 27. Nef3 Re8 28. c4 b4 29. Kd3 Bg7 30. b3 f5 31. Nh4 Rd8+ 32. Ke2 Bc3 33.
Ndf3 Rf8 34. Ng6 Rf6 35. Ngh4 Kc7 36. Ng2 Ra6 37. Ne3 Rxa2+ 38. Kd1 Rf2 39. Ng5
Rxh2 40. Nxf5 Rb2 41. Ne4 Rxb3 42. Nxc5 Rb1+ 43. Kc2 Rb2+ 44. Kc1 b3 45. Na4
Rc2+ 46. Kb1 Bh8 47. Ne3 Ra2 48. Nd5+ Kb8 49. Nac3 Bxc3 50. Nxc3 Rc2 51. Ne4
Rxc4 52. Nf6 a5 0-1

[Event "CMB Breizh Masters Féminins 2010"]
[Site "Guingamp-Pabu (FRANCE)"]
[Date "2010.02.22"]
[Round "4"]
[White "Piankov, Evgenij"]
[Black "Brunello, Roberta"]
[Result "1/2-1/2"]
[WhiteElo "2343"]
[BlackElo "2043"]
[PlyCount "112"]

1. d4 Nf6 2. Nf3 d5 3. c3 e6 4. Bf4 Bd6 5. Bg3 Nbd7 6. Nbd2 O-O 7. e3 b6 8. Ne5
Bb7 9. f4 Ne4 10. Nxe4 dxe4 11. Bb5 Bxe5 12. fxe5 c6 13. Ba4 Qg5 14. Qe2 f5 15.
exf6 Nxf6 16. O-O Nd5 17. Bb3 Qxe3+ 18. Qxe3 Nxe3 19. Bxe6+ Kh8 20. Rxf8+ Rxf8
21. Re1 Re8 22. Bd7 Re7 23. Rxe3 Rxd7 24. Rxe4 Kg8 25. Re8+ Kf7 26. Rh8 h6 27.
Be5 c5 28. g3 cxd4 29. cxd4 Kg6 30. Kf2 Bd5 31. a3 Rf7+ 32. Ke2 Rd7 33. h4 h5
34. Kd3 Bf3 35. Rb8 Kf7 36. Kc3 Be2 37. a4 Ke6 38. Kb4 g6 39. a5 bxa5+ 40. Kxa5
Bd3 41. Kb4 Be4 42. Kc3 Rb7 43. Re8+ Kd7 44. Rf8 Ke7 45. Rc8 Kd7 46. Rc5 Ke6
47. Ra5 Bf5 48. Bf4 Kd7 49. d5 Kc8 50. b4 Rd7 51. Kd4 Kb7 52. Rb5+ Ka6 53. Rc5
Kb7 54. Rc6 a6 55. Bd6 Bh3 56. Bc5 Rxd5+ 1/2-1/2

[Event "CMB Breizh Masters Féminins 2010"]
[Site "Guingamp-Pabu (FRANCE)"]
[Date "2010.02.23"]
[Round "5"]
[White "Brunello, Roberta"]
[Black "Genova, Lyubka"]
[Result "0-1"]
[WhiteElo "2043"]
[BlackElo "2260"]
[PlyCount "54"]

1. e4 g6 2. d4 Bg7 3. Nf3 d6 4. Nc3 Nf6 5. Bc4 c6 6. a4 O-O 7. Bb3 Qc7 8. O-O
e5 9. Be3 Qe7 10. Re1 Na6 11. h3 Be6 12. d5 Bd7 13. dxc6 bxc6 14. Qd2 Be6 15.
Bxe6 fxe6 16. Rad1 Rad8 17. Qe2 Nb4 18. Bc1 h6 19. b3 Nh5 20. Ba3 Nf4 21. Qd2
a5 22. Kh2 Qf6 23. Ng1 h5 24. g3 Bh6 25. Rc1 h4 26. Kh1 hxg3 27. fxg3 Nh5 0-1

[Event "CMB Breizh Masters Féminins 2010"]
[Site "Guingamp-Pabu (FRANCE)"]
[Date "2010.02.23"]
[Round "5"]
[White "Fruteau, Sabine"]
[Black "Berthelot, Yannick"]
[Result "1-0"]
[WhiteElo "2131"]
[BlackElo "2296"]
[PlyCount "61"]

1. e4 c5 2. Nf3 Nc6 3. Bb5 Qb6 4. a4 g6 5. O-O Bg7 6. Nc3 e6 7. d3 Nge7 8. Bf4
a6 9. Bxc6 Nxc6 10. e5 d5 11. exd6 Qxb2 12. Bd2 Nb4 13. Rb1 Qxc2 14. Qxc2 Nxc2
15. Ne4 b5 16. Nxc5 bxa4 17. Nxa4 Na3 18. Rbc1 Rb8 19. Ba5 Nb5 20. Bc7 Nxc7 21.
Rxc7 Bf8 22. Rfc1 Bd7 23. Nc5 Bb5 24. Ne4 Bg7 25. Rc8+ Rxc8 26. Rxc8+ Kd7 27.
Rc7+ Ke8 28. Nfg5 Bxd3 29. Re7+ Kf8 30. Rxf7+ Ke8 31. d7+ 1-0

[Event "CMB Breizh Masters Féminins 2010"]
[Site "Guingamp-Pabu (FRANCE)"]
[Date "2010.02.23"]
[Round "5"]
[White "Le Diouron, Aurelie"]
[Black "Piankov, Evgenij"]
[Result "0-1"]
[WhiteElo "1980"]
[BlackElo "2343"]
[PlyCount "82"]

1. e4 c6 2. d4 d5 3. exd5 cxd5 4. c4 Nf6 5. Nc3 g6 6. Qb3 Bg7 7. cxd5 O-O 8.
Be2 Nbd7 9. Bf3 Nb6 10. Nge2 Bf5 11. O-O Bd3 12. Re1 Bc4 13. Qb4 Bxd5 14. Bxd5
Nfxd5 15. Nxd5 Nxd5 16. Qxb7 Qa5 17. Rd1 Rab8 18. Qd7 e6 19. Qd6 Qa4 20. b3
Rxb3 21. axb3 Qxa1 22. Qa3 Qxa3 23. Bxa3 Rb8 24. Bc5 a5 25. Nc1 Bh6 26. Kf1
Bxc1 27. Rxc1 Rxb3 28. Ra1 Rb5 29. g3 Kg7 30. Ke2 g5 31. h3 Kg6 32. Kf3 h5 33.
Ra3 Kf5 34. g4+ Kg6 35. Ke4 h4 36. Bd6 a4 37. f4 gxf4 38. Bxf4 Rb1 39. Bd6 Rh1
40. Be5 Kg5 41. Bd6 Nf6+ 0-1

[Event "CMB Breizh Masters Féminins 2010"]
[Site "Guingamp-Pabu (FRANCE)"]
[Date "2010.02.23"]
[Round "5"]
[White "Aflalo, Sophie"]
[Black "De Rosa, Mariagrazia"]
[Result "1-0"]
[WhiteElo "2033"]
[BlackElo "2089"]
[PlyCount "71"]
[EventDate "2010.??.??"]

1. e4 c5 2. Nf3 d6 3. d4 cxd4 4. Nxd4 Nf6 5. Nc3 a6 6. Be2 e6 7. O-O Be7 8. Be3
Qc7 9. f4 O-O 10. g4 Nc6 11. Nb3 b5 12. a3 Bb7 13. g5 Nd7 14. Qe1 Rfe8 15. Rf3
b4 16. Nd1 bxa3 17. bxa3 a5 18. Rh3 a4 19. Nd2 Nf8 20. Qh4 d5 21. exd5 exd5 22.
Bd3 g6 23. Qh6 Bc8 24. Rh4 Bd6 25. Nc3 Ra5 26. Bb5 Ne7 27. Nxd5 Nxd5 28. Bd4 f6
29. Bxe8 Bxf4 30. Ne4 Ra6 31. Rf1 Re6 32. Nxf6+ Nxf6 33. Rhxf4 Rxe8 34. Rxf6
Bf5 35. Ra6 Qb7 36. Ra7 1-0

[Event "CMB Breizh Masters Féminins 2010"]
[Site "Guingamp-Pabu (FRANCE)"]
[Date "2010.02.24"]
[Round "6"]
[White "Genova, Lyubka"]
[Black "De Rosa, Mariagrazia"]
[Result "1-0"]
[WhiteElo "2260"]
[BlackElo "2089"]
[PlyCount "79"]
[EventDate "2010.??.??"]

1. e4 c5 2. Nf3 d6 3. d4 cxd4 4. Nxd4 Nf6 5. f3 Nc6 6. c4 Qb6 7. Nc2 g6 8. Nc3
Bg7 9. Rb1 Ng4 10. Qd2 Nge5 11. Nd5 Qd8 12. f4 Ng4 13. h3 Nh6 14. Bd3 O-O 15.
O-O f5 16. b3 e5 17. Bb2 Be6 18. b4 fxe4 19. Bxe4 Nf5 20. Bxf5 Rxf5 21. b5 Ne7
22. Nce3 Rf7 23. Rbd1 Nxd5 24. Nxd5 Rc8 25. Qd3 exf4 26. Bxg7 Kxg7 27. Qd4+ Kg8
28. Rxf4 Rxf4 29. Qxf4 Rc5 30. Ne3 Qg5 31. Qxg5 Rxg5 32. Rxd6 Bxh3 33. Rd8+ Kf7
34. Rb8 Ke6 35. Rxb7 h5 36. Rxa7 Kd6 37. Ra8 Ke5 38. b6 Kd6 39. Rf8 Be6 40. b7
1-0

[Event "CMB Breizh Masters Féminins 2010"]
[Site "Guingamp-Pabu (FRANCE)"]
[Date "2010.02.24"]
[Round "6"]
[White "Berthelot, Yannick"]
[Black "Aflalo, Sophie"]
[Result "1/2-1/2"]
[WhiteElo "2296"]
[BlackElo "2033"]
[PlyCount "135"]

1. e4 c5 2. Nf3 Nc6 3. d4 cxd4 4. Nxd4 Nf6 5. Nc3 e5 6. Ndb5 d6 7. Bg5 a6 8.
Na3 b5 9. Bxf6 gxf6 10. Nd5 f5 11. c3 Bg7 12. Bd3 Be6 13. Nxb5 axb5 14. Bxb5
Bd7 15. exf5 O-O 16. O-O Rb8 17. a4 Kh8 18. Qf3 Qg5 19. Ne3 Rxb5 20. axb5 Ne7
21. Qb7 Bc8 22. Qc7 d5 23. Ra7 Bf6 24. f4 exf4 25. Qxf4 Qxf4 26. Rxf4 Bg5 27.
Rf3 Nxf5 28. Nxf5 Bxf5 29. b6 Be4 30. Rfxf7 Be3+ 31. Kf1 Bd3+ 32. Ke1 Rb8 33.
Rfe7 Bxb6 34. Rab7 Rxb7 35. Rxb7 Bg1 36. g3 Be3 37. Rd7 Bc4 38. Kd1 Bg1 39. h3
Bh2 40. g4 Bb3+ 41. Kd2 Bf4+ 42. Kd3 Be5 43. Ke3 h6 44. Re7 Bf6 45. Rb7 Bc2 46.
Rd7 Be4 47. Kf4 Kg8 48. Rc7 Bd3 49. Rc4 Be4 50. b4 Kf7 51. b5 Bg5+ 52. Kg3 Be3
53. Rc8 Ke7 54. Rc7+ Kd6 55. Rc6+ Kd7 56. Ra6 Kc7 57. h4 Bd3 58. g5 hxg5 59. h5
Bxb5 60. Ra8 Bf4+ 61. Kf2 Be5 62. h6 Bxc3 63. h7 Kd6 64. Ke3 Bd7 65. h8=Q Bxh8
66. Rxh8 Ke5 67. Rh5 Kf5 68. Kd4 1/2-1/2